|
|
|
|
| LEADER |
00839nam a22002417a 4500 |
| 001 |
AAL7856 |
| 003 |
BD-DhAAL |
| 005 |
20160412151833.0 |
| 008 |
160412m19981997enk||||| |||| 00| 0 eng d |
| 020 |
|
|
|a 0330352091
|
| 040 |
|
|
|a BD-DhAAL
|c BD-DhAAL
|
| 082 |
|
|
|a 813/.54
|
| 100 |
|
|
|a Forbes, Colin
|9 19092
|
| 245 |
|
|
|a The cauldron /
|c Colin Forbes
|
| 260 |
|
|
|a London :
|b Macmillan,
|c 1998
|
| 300 |
|
|
|a 484 p. ;
|c 18 cm.
|
| 541 |
|
|
|e 7856
|
| 650 |
|
|
|a Murder
|v Fiction.
|z California
|9 19093
|
| 650 |
|
|
|a Murder
|v Fiction.
|z England
|z Cornwall
|9 19094
|
| 852 |
|
|
|a Savar Campus Library
|c General Shelf
|
| 942 |
|
|
|2 ddc
|c BK
|
| 999 |
|
|
|c 37428
|d 37428
|
| 952 |
|
|
|0 0
|1 4
|2 ddc
|4 0
|6 813_540000000000000_FOR
|7 0
|9 58760
|a BRACUL
|b BRACUL
|c GEN
|d 2016-04-12
|e Gift:
|l 3
|m 15
|o 813.54 FOR
|p 3020007856
|r 2020-02-10
|s 2017-07-02
|t 1
|w 2016-04-12
|y BK
|x Koha Inventory 2020
|